Charlotte's web / (Record no. 247)

MARC details
000 -LEADER
fixed length control field 01169nam a22003617a 4500
001 - CONTROL NUMBER
control field 247
003 - CONTROL NUMBER IDENTIFIER
control field FISKH
005 - DATE AND TIME OF LATEST TRANSACTION
control field 20230309163408.0
008 - FIXED-LENGTH DATA ELEMENTS--GENERAL INFORMATION
fixed length control field 230309b cb ||||| |||| 00| 0 eng d
020 ## - INTERNATIONAL STANDARD BOOK NUMBER
International Standard Book Number 9780064400558
040 ## - CATALOGING SOURCE
Original cataloging agency DLC
Language of cataloging eng
Description conventions rda
Transcribing agency DLC
Modifying agency DLC
-- FISTKH
050 00 - LIBRARY OF CONGRESS CALL NUMBER
Classification number PZ7.W58277
Item number Ch
082 ## - DEWEY DECIMAL CLASSIFICATION NUMBER
Classification number 813.52
100 1# - MAIN ENTRY--PERSONAL NAME
Personal name White, E. B.
Fuller form of name (Elwyn Brooks),
Dates associated with a name 1899-1985.
245 10 - TITLE STATEMENT
Title Charlotte's web /
Statement of responsibility, etc. by E.B. White ; pictures by Garth Williams.
250 ## - EDITION STATEMENT
Edition statement 60th Anniversary Edition
Remainder of edition statement Forward by Kate DiCamillo
264 #1 - PRODUCTION, PUBLICATION, DISTRIBUTION, MANUFACTURE, AND COPYRIGHT NOTICE
Place of production, publication, distribution, manufacture New York
Name of producer, publisher, distributor, manufacturer HarperCollinsPublishers
Date of production, publication, distribution, manufacture, or copyright notice 2012
300 ## - PHYSICAL DESCRIPTION
Extent 184 p.
Other physical details ills.
Dimensions 20 cm
336 ## - CONTENT TYPE
Content type term text
Content type code txt
Source rdacontent
337 ## - MEDIA TYPE
Media type term unmediated
Media type code n
Source rdamedia
338 ## - CARRIER TYPE
Carrier type term volume
Carrier type code nc
Source rdacarrier
505 ## - FORMATTED CONTENTS NOTE
Formatted contents note M
521 8# - TARGET AUDIENCE NOTE
Target audience note 680 <br/>
Source Lexile
521 8# - TARGET AUDIENCE NOTE
Target audience note M <br/>
Source Raz-Plus
650 ## - SUBJECT ADDED ENTRY--TOPICAL TERM
Topical term or geographic name entry element Farm animals
650 ## - SUBJECT ADDED ENTRY--TOPICAL TERM
Topical term or geographic name entry element Personaification
655 #7 - INDEX TERM--GENRE/FORM
Genre/form data or focus term Juvenile literature
Chronological subdivision 1952.
Source of term rbgenr
700 1# - ADDED ENTRY--PERSONAL NAME
Personal name Williams, Garth,
Relator term illustrator.
700 1# - ADDED ENTRY--PERSONAL NAME
Personal name Rosenwald, Edith Goodkind,
Relator term donor.
Institution to which field applies DLC
710 2# - ADDED ENTRY--CORPORATE NAME
Corporate name or jurisdiction name as entry element Lessing J. Rosenwald Collection (Library of Congress)
Institution to which field applies DLC
906 ## - LOCAL DATA ELEMENT F, LDF (RLIN)
a 7
b cbc
c orignew
d 2
e ocip
f 19
g y-genrareb
942 ## - ADDED ENTRY ELEMENTS (KOHA)
Source of classification or shelving scheme Dewey Decimal Classification
Koha item type Books
Suppress in OPAC No
Holdings
Withdrawn status Lost status Source of classification or shelving scheme Damaged status Not for loan Collection Home library Current library Shelving location Date acquired Total Checkouts Full call number Barcode Date last seen Date last checked out Copy number Price effective from Koha item type Public note
Withdrawn   Dewey Decimal Classification     Juvenile Fiction Footprints International School Library Network Toul Kork Campus Footprints International School Library Network Toul Kork Campus TK Primary Library Room(4th Floor), Bookcase 5&6, Shelves 33-56, Orange Books 03/09/2023 1 WHI 812.52 PZ7.W58277 FISTK00095 06/12/2025 03/05/2025 1 03/09/2023 Books Lost and Paid
    Dewey Decimal Classification     Juvenile Fiction Footprints International School Library Network Toul Kork Campus Footprints International School Library Network Toul Kork Campus TK Primary Library Room(4th Floor), Bookcase 5&6, Shelves 33-56, Orange Books 03/09/2023   WHI 812.52 PZ7.W58277 FISTK00005 03/13/2023   2 03/09/2023 Books  
    Dewey Decimal Classification     Juvenile Fiction Footprints International School Library Network Toul Kork Campus Footprints International School Library Network Toul Kork Campus TK Primary Library Room(4th Floor), Bookcase 5&6, Shelves 33-56, Orange Books 03/09/2023 2 WHI 812.52 PZ7.W58277 2023-0063 11/21/2023 11/10/2023 3 03/09/2023 Books  
    Dewey Decimal Classification     Juvenile Fiction Footprints International School Library Network Toul Kork Campus Footprints International School Library Network Toul Kork Campus TK Primary Library Room(4th Floor), Bookcase 5&6, Shelves 33-56, Orange Books 03/09/2023 1 WHI 812.52 PZ7.W58277 FISTK00099 06/12/2025 04/02/2025 4 03/09/2023 Books